|
|
|
|
| LEADER |
00000nab a2200000 a 4500 |
| 001 |
vtls000269986 |
| 003 |
SK-MaSNL |
| 005 |
20260318133109.0 |
| 008 |
180130c1986 xo 0 ukr |
| 015 |
|
|
|a SNBRB19rr/mm-uuuuu
|
| 035 |
|
|
|a CL0280100
|
| 040 |
|
|
|a SNKBUCL
|b slo
|c SNKBUCL
|e AACR2
|
| 041 |
0 |
|
|a ukr
|
| 044 |
|
|
|a xo
|c SK
|
| 080 |
|
|
|a 792.071.2
|2 1981
|
| 080 |
|
|
|a 791.44.071.2
|2 1981
|
| 080 |
|
|
|a 929 Simková, Tamara
|2 1981
|
| 080 |
|
|
|a 929 Simko, Pavol
|2 1981
|
| 100 |
1 |
|
|a Malčovská, Mária
|4 aut
|9 935386
|
| 245 |
1 |
0 |
|a Jich nevhasymyj fakel
|c Mária Malčovská
|
| 300 |
|
|
|b Obr. 3.
|
| 600 |
1 |
7 |
|a Simková, Tamara,
|d 1930-1993
|2 snkbucl
|9 8305
|
| 600 |
1 |
7 |
|a Simko, Pavol,
|d 1926-1981
|2 snkbucl
|9 207611
|
| 655 |
|
7 |
|a články z novín a časopisov
|2 snkbucl
|9 267496
|
| 773 |
0 |
|
|t Družno vpered
|g Roč. 35, č. 5 (1986), s. 20-21
|
| 850 |
|
|
|a Slovenská národná knižnica v Martine
|a MTA001
|
| 852 |
|
|
|a SNK
|b KIS3GCP
|
| 958 |
|
|
|a RK
|
| 958 |
|
|
|a UK
|
| 992 |
|
|
|a RBX
|
| 999 |
|
|
|c 2183997
|d 2185927
|